000 00914nam a2200193 i 4500
001 163923
003 ES-MaACL
005 20230906212834.0
008 991122s1894 sp ao |||| | spa d
040 _aCCPB | B
_bspa
_cCCPB | B
100 1 _aRomeo y Belloc, Bernabé.
_9132027
245 1 0 _aPatria con honra, ó sea España cuna de la humanidad, origen y raíz de todas la lenguas, fuente de la historia
_b: cuartillas a granel /
_cBernabé Romeo y Belloc.
246 3 0 _aEspaña cuna de la humanidad, origen y raíz de todas las lenguas, fuente de la historia
260 _aMadrid :
_b[s.n.],
_c1894 (
_fImp. y Fund. de Manuel Tello)
300 _a1 v. ;
_c23 cm.
505 8 _aContiene: ;
_tPrimer manojo (48 p., [1] h. de fot.) ;
_tSegundo manojo (48 p.)
651 4 _aEspaña-
_xHistoria.
_98209
852 _aES-MaACL
_jT-825-F-1-2
_z- Enc. hol., conservando la cub. original
_z- Enc. en un vol. facticio
999 _c163923
_d163923